000 00499nam a2200157 a 4500
001 33818
005 20180714001827.0
008 140415s1997 000 0 spa d
020 _a0821337793
041 _aspa
082 _a330.91724
_bINF
245 0 0 _aINFORME SOBRE EL DESARROLLO MUNDIAL 1997 RESUMEN :
_bEL ESTADO EN UN MUNDO DE TRANSFORMACION
260 _a[s.l.] :
_bBANCO INTERNACIONAL DE RECONSTRUCCION Y FOMENTO,
_c1997
300 _a17
650 1 4 _aDESARROLLO ECONOMICO
999 _c33818
_d33818